LEADER 00913nam0-22003371i-450- 001 990003071600403321 010 $a0-226-11103-2 035 $a000307160 035 $aFED01000307160 035 $a(Aleph)000307160FED01 035 $a000307160 100 $a20000920d1994----km-y0itay50------ba 101 0 $aita 102 $aIT 200 1 $aEssays on Economics and Economists$fRonald H. Coase. 210 $aChicago$cUniversity of Chicago Press$d\c\\1994. 215 $aVIII, 222 p.$d22 cm 610 0 $aEconomisti$aBiografie 676 $aD/0.2 676 $aD/3.22 676 $aD/7 702 1$aCoase,$bRonald Harry$f<1910- > 801 0$aIT$bUNINA$gRICA$2UNIMARC 901 $aBK 912 $a990003071600403321 952 $aD/0.2 COA$b16980$fSES 952 $aD/0.2 COA$b17394$fSES 959 $aSES 996 $aEssays on Economics and Economists$9464284 997 $aUNINA DB $aING01 LEADER 01198nam--2200361---450- 001 990006026680203316 005 20150414130553.0 035 $a000602668 035 $aUSA01000602668 035 $a(ALEPH)000602668USA01 035 $a000602668 100 $a20150414d1924----km-y0itay50------ba 101 $aita$aeng 102 $aIT 105 $a||||||||001yy 200 1 $aNuovissimo vocabolario illustrato italiano-francese francese-italiano$ead uso delle scuole medie del Regno$fAugusto Caricati 205 $a5. ed. riveduta, corretta ed accresciuta di 20 mila vocaboli 210 $aTorino$cSocietā Editrice Internazionale$d1924 215 $aXIX, 1612 p.$cill.$d19 cm 410 0$12001 454 1$12001 461 1$1001-------$12001 606 0 $aLingua francese [e] Lingua italiana$xDizionari bilingui$2BNCF 676 $a443.51 700 1$aCARICATI,$bAugusto$0201968 801 0$aIT$bsalbc$gISBD 912 $a990006026680203316 951 $aXV.11. 57$b808$cXV.11.$d00345168 959 $aBK 969 $aFVUO 979 $aPATRY$b90$c20150414$lUSA01$h1305 996 $aNuovissimo vocabolario illustrato italiano-francese francese-italiano$91077800 997 $aUNISA